Clinical Medicine for Dental studens (Record no. 32810)

MARC details
000 -LEADER
fixed length control field 00362nam a22001577a 4500
003 - CONTROL NUMBER IDENTIFIER
control field SGT
020 ## - INTERNATIONAL STANDARD BOOK NUMBER
International Standard Book Number 9789356967298
082 ## - DEWEY DECIMAL CLASSIFICATION NUMBER
Classification number 610
Item number C25A
100 ## - MAIN ENTRY--PERSONAL NAME
Personal name Alagappan, R.
245 ## - TITLE STATEMENT
Title Clinical Medicine for Dental studens
250 ## - EDITION STATEMENT
Edition statement 4th Ed.
260 ## - PUBLICATION, DISTRIBUTION, ETC. (IMPRINT)
Place of publication, distribution, etc New Delhi, India
Name of publisher, distributor, etc Jaypee Publishers
Year of Publication 2025
300 ## - PAGE DESCRIPTION
No. of Pages 472
650 ## - SUBJECT ADDED ENTRY--TOPICAL TERM
Topical term or geographic name as entry element Medicine
942 ## - ADDED ENTRY ELEMENTS (KOHA)
Source of classification or shelving scheme Dewey Decimal Classification
Koha item type Books
Holdings
Withdrawn status Lost status Source of classification or shelving scheme Damaged status Not for loan Home library Current library Shelving location Date acquired Vendor Name Cost, normal purchase price SGTU Bill Number Total Checkouts Full call number Accession No. (Barcode) Date last seen Bill Date Koha item type
    Dewey Decimal Classification     SGT Dental Library SGT Dental Library Text Book 13/10/2025 Ahuja Book Co. Pvt. Ltd. 1295.00 SGTU 21713   610 C25A FD9902 16/10/2025   Books
    Dewey Decimal Classification     SGT Dental Library SGT Dental Library Text Book 13/10/2025 Ahuja Book Co. Pvt. Ltd. 1295.00 SGTU 21713   610 C25A FD9903 16/10/2025   Books
    Dewey Decimal Classification     SGT Dental Library SGT Dental Library Text Book 13/10/2025 Ahuja Book Co. Pvt. Ltd. 1295.00 SGTU 21713   610 C25A FD9904 16/10/2025   Books
    Dewey Decimal Classification     SGT Dental Library SGT Dental Library Text Book 13/10/2025 Ahuja Book Co. Pvt. Ltd. 1295.00 SGTU 21713   610 C25A FD9905 16/10/2025   Books
    Dewey Decimal Classification     SGT Dental Library SGT Dental Library Text Book 13/10/2025 Ahuja Book Co. Pvt. Ltd. 1295.00 SGTU 21713   610 C25A FD9906 16/10/2025   Books